| 000 | 00305nam a22001337a 4500 | ||
|---|---|---|---|
| 999 |
_c233533 _d233533 |
||
| 003 | Nust | ||
| 005 | 20170308152221.0 | ||
| 008 | 170308b xxu||||| |||| 00| 0 eng d | ||
| 020 | _a9789694230108 | ||
| 040 | _c. | ||
| 082 | _a297 | ||
| 100 | _aEslahi, Muhammad Yousaf | ||
| 245 | _aAssan Fiqa | ||
| 260 |
_aLahore : _bIslamic Publication. _c2013. |
||
| 300 |
_a334 p. ; _b21 cm. |
||
| 500 | _aPaperback. | ||
| 942 |
_cBK _2ddc |
||